Water Moon (Record no. 13758)

MARC details
000 -LEADER
fixed length control field 00325nam a22001457a 4500
003 - CONTROL NUMBER IDENTIFIER
control field OSt
008 - FIXED-LENGTH DATA ELEMENTS--GENERAL INFORMATION
fixed length control field 251104b |||||||| |||| 00| 0 eng d
020 ## - INTERNATIONAL STANDARD BOOK NUMBER
International Standard Book Number 9780857505347
082 ## - DEWEY DECIMAL CLASSIFICATION NUMBER
Classification number 813.52 YAW
100 ## - MAIN ENTRY--PERSONAL NAME
Personal name YAMBAO,Samantha Sotto
245 ## - TITLE STATEMENT
Title Water Moon
260 ## - PUBLICATION, DISTRIBUTION, ETC. (IMPRINT)
Place of publication, distribution, etc UK
Name of publisher, distributor, etc Penguin
Date of publication, distribution, etc 2025
300 ## - PHYSICAL DESCRIPTION
Extent 374
942 ## - ADDED ENTRY ELEMENTS (KOHA)
Source of classification or shelving scheme Dewey Decimal Classification
Koha item type Reference Books
Holdings
Withdrawn status Lost status Source of classification or shelving scheme Damaged status Not for loan Collection code Home library Current library Date acquired Source of acquisition Currency Cost, normal purchase price Bill Number Total Checkouts Full call number Acc. no. / Barcode Date last seen Actual Cost, discounted price Bill Date Koha item type
    Dewey Decimal Classification     Book Club and Indian Knowledge System PIET C-LIBRARY PIET C-LIBRARY 30/10/2025 Zaffa Books INR 799.00 ZBD0297   813.52 YAW CL52 04/11/2025 599.25 30/10/2025 Reference Books

Design & Developed by: PIET Central Library
R70 Miles Stone Pattikalyana Samalkha Panipat 132102
mail ID :- [email protected], Phone No:- 0180-2569700 Ex.216